| 000 | 00581nam a2200205Ia 4500 | ||
|---|---|---|---|
| 003 | OSt | ||
| 005 | 20170518095527.0 | ||
| 008 | 151021s9999 xx 000 0 und d | ||
| 040 | _cAACR2 | ||
| 050 | _aQD 261 .V63 1989 | ||
| 245 | _a_vogel`s Textbook of practical organic chemistry (5th ed) | ||
| 250 | _a5th ed. | ||
| 260 | _aNew Delhi Pearson Education limited 1989 | ||
| 300 | _axxviii, 1514p. : ill | ||
| 500 | _aincludes index | ||
| 650 | _a_Organic chemistry | ||
| 700 | _a_A. J. Hannaford | ||
| 942 |
_2lcc _cLOAN LOAN |
||
| 980 | _a^d20110117 09:28:59^okorir | ||
| 999 |
_c15244 _d15244 |
||